00901nam a2200205 a 450000100100000000500170001000800410002704000130006808200200008124501070010126000890020830000280029750000760032550400540040165000600045570000390051504900090055495201170056399900150068000000559620200929151724.0090820s1995 dr a 000 0 spa d aDO-SdBNP a363.7394bD321c00aDegradación de la cuenca hidrográfica del Río Yaque del Norte /cEdición Pablo Socorro Flores. aSanto Domingo :bGobernación del Distrito R-2 del Club de Leones 1994-1995,c1995. a138 p. :bil. ;c22 cm. aSíntesis de Seminario-Taller, realizado en Santo Domingo, el 16/10/94 aIncluye referencias bibliográficas (p. 137-138) 4aContaminación del aguazRepública Dominicana9157961 aSocorro Flores, Pablo,eed.915797 aBNPD 0010718PDaPDbPDcCTd2009-08-20iLF1l0o363.7394 D321cp5596-10r2020-06-25w2020-06-25yLFPDZNo se presta c5395d5395